Ponchao: (Record no. 51168)
[ view plain ]
| 000 -CABECERA | |
|---|---|
| campo de control de longitud fija | 00917nam a2200265 a 4500 |
| 003 - IDENTIFICADOR DEL NÚMERO DE CONTROL | |
| campo de control | DO-SdBNP |
| 005 - FECHA Y HORA DE LA ÚLTIMA TRANSACCIÓN | |
| campo de control | 20220114133254.0 |
| 007 - CAMPO FIJO DE DESCRIPCIÓN FÍSICA--INFORMACIÓN GENERAL | |
| campo de control de longitud fija | ta |
| 008 - DATOS DE LONGITUD FIJA--INFORMACIÓN GENERAL | |
| campo de control de longitud fija | 220114e2021 dr ||||er|||| 00| e spa d |
| 020 ## - NÚMERO INTERNACIONAL ESTÁNDAR DEL LIBRO | |
| Número Internacional Estándar del Libro | 9945618440 |
| 040 ## - FUENTE DE LA CATALOGACIÓN | |
| Centro catalogador/agencia de origen | DO-SdBNP |
| Lengua de catalogación | spa |
| Centro/agencia transcriptor | BNPHU |
| 082 4# - NÚMERO DE LA CLASIFICACIÓN DECIMAL DEWEY | |
| Número de edición | 22 |
| Número de documento/Ítem | G633p |
| 100 1# - ENTRADA PRINCIPAL--NOMBRE DE PERSONA | |
| 9 (RLIN) | 74766 |
| Nombre de persona | Gómez Marín, Lorenzo |
| Fechas asociadas al nombre | 1948- |
| 245 10 - MENCIÓN DE TÍTULO | |
| Título | Ponchao: |
| Resto del título | Cumbo, una promesa del béisbol / |
| Mención de responsabilidad, etc. | Lorenzo Gómez Marín; Prólogo de Pedro Martínez y Carolina Cruz. |
| 260 ## - PUBLICACIÓN, DISTRIBUCIÓN, ETC. | |
| Lugar de publicación, distribución, etc. | Santo Domingo : |
| Nombre del editor, distribuidor, etc. | Amigo del Hogar, |
| Fecha de publicación, distribución, etc. | 2021 |
| 300 ## - DESCRIPCIÓN FÍSICA | |
| Extensión | 43 p. ; |
| Dimensiones | 21 cm |
| 500 ## - NOTA GENERAL | |
| Nota general | Incluye biografía y notas al pié de páginas. |
| 590 ## - NOTA LOCAL (RLIN) | |
| Nota local | Inventariado 2022 / MF |
| 650 ## - PUNTO DE ACCESO ADICIONAL DE MATERIA--TÉRMINO DE MATERIA | |
| 9 (RLIN) | 36893 |
| Término de materia o nombre geográfico como elemento de entrada | Beisbol |
| Subdivisión general | Ensayo |
| Subdivisión geográfica | República Dominicana |
| 650 #0 - PUNTO DE ACCESO ADICIONAL DE MATERIA--TÉRMINO DE MATERIA | |
| 9 (RLIN) | 40039 |
| Término de materia o nombre geográfico como elemento de entrada | Humorismo |
| Subdivisión general | Relatos Personales |
| Subdivisión geográfica | República Dominicana |
| 700 1# - PUNTO DE ACCESO ADICIONAL--NOMBRE DE PERSONA | |
| Nombre de persona | Martínez, Pedro |
| Término indicativo de función/relación | pról. |
| 9 (RLIN) | 80939 |
| 700 1# - PUNTO DE ACCESO ADICIONAL--NOMBRE DE PERSONA | |
| Nombre de persona | Cruz, Carolina |
| Término indicativo de función/relación | pról. |
| 9 (RLIN) | 80940 |
| 910 ## - DATOS DE OPCIÓN DEL USUARIO (OCLC) | |
| Datos de opción del usuario | MFéliz |
| 942 ## - ELEMENTOS DE PUNTO DE ACCESO ADICIONAL (KOHA) | |
| Fuente del sistema de clasificación o colocación | Dewey Decimal Classification |
| Tipo de ítem Koha | Folleto |
| Estado de retiro | Estado de pérdida | Fuente del sistema de clasificación o colocación | Restricciones de uso | No para préstamo | Código de colección | Localización permanente | Ubicación/localización actual | Ubicación en estantería | Fuente de adquisición | Total de préstamos | Signatura topográfica completa | Código de barras | Fecha visto por última vez | Precio válido a partir de | Tipo de ítem Koha | Número de copia |
|---|---|---|---|---|---|---|---|---|---|---|---|---|---|---|---|---|
| Dewey Decimal Classification | Préstamo en sala | Dominicana Folletos | Biblioteca Nacional Pedro Henríquez Ureña | Dominicana | Depósito | Depósito legal / Amigo del Hogar | G633p | 2022-0093 | 14.01.2022 | 14.01.2022 | Folleto | e.3 | ||||
| Dewey Decimal Classification | Excluido de préstamo | Dominicana Folletos | Biblioteca Nacional Pedro Henríquez Ureña | Patrimonio Dominicano | Depósito | Depósito legal / Amigo del Hogar | G633p | 2022-0091 | 14.01.2022 | 14.01.2022 | Folleto | |||||
| Dewey Decimal Classification | Excluido de préstamo | Dominicana Folletos | Biblioteca Nacional Pedro Henríquez Ureña | Patrimonio Dominicano | Depósito | Depósito legal / Amigo del Hogar | G633p | 2022-0092 | 14.01.2022 | 14.01.2022 | Folleto | e.2 |
